Surveying with geomatics and R / (Record no. 14225)

000 -LEADER
fixed length control field 01630cam a22002658i 4500
003 - CONTROL NUMBER IDENTIFIER
control field OSt
005 - DATE AND TIME OF LATEST TRANSACTION
control field 20260304185928.0
008 - FIXED-LENGTH DATA ELEMENTS--GENERAL INFORMATION
fixed length control field 210729s2022 flu b 001 0 eng
020 ## - INTERNATIONAL STANDARD BOOK NUMBER
International Standard Book Number 9781032015033
Qualifying information (hardback)
042 ## - AUTHENTICATION CODE
Authentication code pcc
050 00 - LIBRARY OF CONGRESS CALL NUMBER
Classification number TA556.M38
Item number A48 2022
082 00 - DEWEY DECIMAL CLASSIFICATION NUMBER
Classification number 526.90285
Edition number 23/eng/20211006
100 1# - MAIN ENTRY--PERSONAL NAME
Personal name Alves, Marcelo de Carvalho,
Relator term author.
245 10 - TITLE STATEMENT
Title Surveying with geomatics and R /
Statement of responsibility, etc Marcelo de Carvalho Alves and Luciana Sanches.
263 ## - PROJECTED PUBLICATION DATE
Projected publication date 2201
300 ## - PHYSICAL DESCRIPTION
Extent pages cm
504 ## - BIBLIOGRAPHY, ETC. NOTE
Bibliography, etc Includes bibliographical references and index.
520 ## - SUMMARY, ETC.
Summary, etc "This book explains basic concepts of surveying science and techniques with geomatics using R and R packages. It engages students in learning about surveying through real field examples and using differing degrees of complexity while exploring surveying problems based on field observations and advanced geospatial technology. It includes a wide range of case studies as hands-on and self-paced tutorials along with detailed computer programming routines that are linked to the theories and applications explained in each chapter. This innovative textbook teaches also how to explore other possibilities of using geomatics in geocomputation, remote sensing, geography, and cartography courses focused on surveying tasks"--
650 #0 - SUBJECT ADDED ENTRY--TOPICAL TERM
Topical term or geographic name as entry element Surveying
General subdivision Data processing.
650 #0 - SUBJECT ADDED ENTRY--TOPICAL TERM
Topical term or geographic name as entry element Geomatics.
650 #0 - SUBJECT ADDED ENTRY--TOPICAL TERM
Topical term or geographic name as entry element R (Computer program language)
700 1# - ADDED ENTRY--PERSONAL NAME
Personal name Sanches, Luciana,
Relator term author.
776 08 - ADDITIONAL PHYSICAL FORM ENTRY
Display text Online version:
Main entry heading Alves, Marcelo de Carvalho.
Title Surveying with Geomatics and R
Place, publisher, and date of publication Boca Raton : CRC Press, [2022]
International Standard Book Number 9781003184263
Record control number (DLC) 2021036435
942 ## - ADDED ENTRY ELEMENTS (KOHA)
Source of classification or shelving scheme
Holdings
Withdrawn status Lost status Source of classification or shelving scheme Damaged status Koha normalized classification for sorting Not for loan Permanent location Current location Shelving location Date acquired Full call number Barcode Date last seen Price effective from Koha item type
        526_902850000000000   BMS College of Architecture, Design and Planning BMS College of Architecture, Design and Planning General Stacks 2025-12-03 526.90285 AR-UG5081 2026-02-10 2026-02-10 B.PLAN
Copyright © 2025, The Librarian, Library and Information Centre, BMSCA D&P, Bengaluru. All Rights Reserved
web counter

Powered by Koha